La motivación en la enseñanza y el aprendizaje

Gespeichert in:
Bibliographische Detailangaben
1. Verfasser: Hamachek, Don E (VerfasserIn)
Format: Buch
Sprache:Spanisch
Veröffentlicht: Buenos Aires Librería del Colegio 1970
Schriftenreihe:Nueva Pedagogía, 34
Schlagworte:
Tags: Tag hinzufügen
Keine Tags, Fügen Sie den ersten Tag hinzu!

MARC

LEADER 00000nam a2200000 a 4500
001 UCW5106
003 CL-VaPUC
008 901204e19700000AG |||||||||||||||||spa|d
082 0 4 |a 370.154  |b HAM  |2 21 
100 0 |a Hamachek, Don E  |e author  |9 309966 
245 1 3 |a La motivación en la enseñanza y el aprendizaje 
300 |a 45 p 
942 |c BK 
945 |d 19901204 00:00:00 
260 |a Buenos Aires  |b Librería del Colegio  |c 1970 
650 0 |a Psicología del aprendizaje  |9 306854 
650 0 |a Psicología educacional   |9 307830 
650 0 |a Motivación  |9 309967 
583 |a last modification  |c 19901204 00:00:00  |k Rodrigo Vera 
490 0 |a Nueva Pedagogía, 34 
999 |c 218617  |d 218615 
952 |0 0  |1 0  |4 0  |6 370_154000000000000_HAM_1970  |7 0  |8 P  |9 208426  |a BIBEDU  |b BIBEDU  |c BIBEDU_PB  |d 2019-11-15  |i 154862K  |o 370.154 HAM 1970  |p 154862K  |r 2024-01-25  |w 2019-11-15  |y BK  |k EDU 
952 |0 0  |1 0  |4 0  |6 370_154000000000000_HAM_1970  |7 0  |8 P  |9 208427  |a BIBEDU  |b BIBEDU  |c BIBEDU_PB  |d 2019-11-15  |i 1550322  |o 370.154 HAM 1970  |p 1550322  |r 2024-01-25  |w 2019-11-15  |y BK  |k EDU